| 000 | 00995nam a2200313Ia 4500 | ||
|---|---|---|---|
| 001 | dia_106 | ||
| 003 | CHAP | ||
| 005 | 20221206141421.0 | ||
| 008 | 220117s1987 xx 000 0 und d | ||
| 010 | _a170538 | ||
| 020 | _a968-451-991-5 | ||
| 040 | _cCHAP | ||
| 082 | _a005.7565 J66 1987 | ||
| 100 |
_aJones, Edward _962001 |
||
| 245 |
_aAplique el dBASE III / _c Edward Jones ; traducción Luis Antonio Hernández Yáñez |
||
| 260 |
_aMéxico : _b McGraw-Hill, _c1987 |
||
| 300 | _a262 p. | ||
| 500 | _aTítulo original: Using dBASE III \ Material fotocopiado | ||
| 503 | _aD. | ||
| 590 | _aQA76.9D3 J66 1987 | ||
| 650 |
_aAdministración de bases de datos _9147206 |
||
| 650 |
_adBASE III (Computer file) _9147207 |
||
| 650 |
_adBASE III (Programa para computadora) _9147208 |
||
| 700 | _aHernández Yáñez, Luis, tr. | ||
| 901 | _a005.7565 J66 1987 | ||
| 902 | _aM | ||
| 905 | _a5232271987 mx an 8222223322spa16 | ||
| 942 |
_cLIBRO _2ddc |
||
| 999 |
_c170538 _d170538 |
||